대한민국의 광역자치단체 - Statistics

General Stats
  • This quiz has been taken 61 times
  • The average score is 15 of 17
Answers on the Map
Answers color-coded by a green-red scale on the quiz's map according to % correct below.
 
Answer Stats
광역자치단체 % Correct
서울특별시
100%
부산광역시
98%
대구광역시
95%
경기도
95%
광주광역시
93%
울산광역시
93%
세종특별자치시
90%
인천광역시
88%
대전광역시
88%
강원특별자치도
88%
전북특별자치도
88%
제주특별자치도
88%
전라남도
85%
충청북도
83%
충청남도
83%
경상북도
83%
경상남도
80%
No matching quizzes found
Score Distribution
Percent of People with Each Score
Percentile by Number Answered
Your Score History
You have not taken this quiz